01267cam a22003131 4500001001300000003000400013005001700017008004100034010001700075035001900092040004800111043001200159050002200171051001600193082001800209100005300227245011500280260004800395300009800443440005100541500008400592504002600676650004500702650005000747651003200797700004900829700005800878999001700936gs 46000123 DLC20260227111351.0830728s1946 dcua f001 0 eng c ags 46000123  a(OCoLC)9750491 aU.S. Geological Survey. LibrarycCPCiCdDLC an-us-ca00aQE75b.P9 no. 207 aQE90.P3bW6 a559.94a557.31 aWoodring, W. P.q(Wendell Phillips),d1891-1983.10aGeology and paleontology of Palos Verdes hills, California,cby W.P. Woodring, M.N. Bramlette, and W.S.W. Kew. aWashington,bU.S. Govt. Print. Off.,c1946. av, 145 p.bincl. illus., tables, diagrs. 37 pl. (part fold.) maps (4 fold. in pocket)c29 cm. 0aU.S. Geological Survey professional paperv207 aAt head of title: United States Dept. of the Interior ... Geological Survey ... aBibliography: p. 3-8. 0aGeologyzCaliforniazLos Angeles County. 0aPaleontologyzCaliforniazLos Angeles County. 0aPalos Verdes Hills (Calif.)1 aBramlette, M. N.q(Milton Nunn),d1896-1977.1 aKew, William S. W.q(William Stephen Webster),d1890- c28100d28100